| 000 | 00488nam a2200181Ia 4500 | ||
|---|---|---|---|
| 008 | 230711s9999||||xx |||||||||||||| ||und|| | ||
| 020 | _a978-0-07-106967-0 | ||
| 041 | _aENG | ||
| 082 |
_a621.4022 _bHO-H |
||
| 100 | _aHolman,J.P | ||
| 245 | 0 | _aHeat Transfer (In SI Units) | |
| 250 | _a10th Ed. | ||
| 260 |
_c2002 _aChennai _bMcGraw Hill Education(India) Private Limited.. |
||
| 300 | _a674p. | ||
| 650 | _aFood Science and Technology | ||
| 700 | _aBhattacharyya, Souvik | ||
| 942 | _cBK | ||
| 999 |
_c7425 _d7425 |
||